Konjugation von esse - Statistiken

Allgemein
  • Dieses Quiz wurde 86 mal gespielt
  • Das Durchschnittsergebnis liegt bei 21 aus 66
Antwortstatistiken
Group Hint Antwort % Korrekt
Präsens 2. Sg. es
100%
Imperative Imp. Sg. Präs. Akt. es
100%
Infinitive Inf. Präs. Akt. esse
83%
Präsens 3. Sg. est
64%
Präsens 1. Sg. sum
61%
Präsens 1. Pl. sumus
61%
Präsens 2. Pl. estis
57%
Präsens 3. Pl. sunt
56%
Imperfekt 3. Pl. Impf. Ind. Akt. erant
41%
Imperfekt 1. Sg. Impf. Ind. Akt. eram
37%
Imperfekt 2. Sg. Impf. Ind. Akt. erās
37%
Perfekt 1. Sg. Perf. Ind. Akt. fuī
37%
Imperfekt 1. Pl. Impf. Ind. Akt. erāmus
36%
Imperfekt 3. Sg. Impf. Ind. Akt. erat
35%
Imperfekt 2. Pl. Impf. Ind. Akt. erātis
35%
Futur I 2. Sg. Fut. Ind. Akt. eris
35%
Imperative Imp. Pl. Präs. Akt. este
35%
Perfekt 3. Pl. Perf. Ind. Akt. fuērunt
35%
Perfekt 1. Pl. Perf. Ind. Akt. fuimus
35%
Perfekt 3. Sg. Perf. Ind. Akt. fuit
35%
Perfekt 2. Sg. Perf. Ind. Akt. fuistī
33%
Perfekt 2. Pl. Perf. Ind. Akt. fuistis
33%
Plusquamperfekt 1. Sg. PQP Ind. Akt. fueram
31%
Futur I 3. Pl. Fut. Ind. Akt. erunt
29%
Imperfekt 3. Pl. Impf. Konj. Akt. essent
29%
Imperfekt 3. Sg. Impf. Konj. Akt. esset
29%
Plusquamperfekt 1. Pl. PQP Ind. Akt. fuerāmus
29%
Plusquamperfekt 3. Pl. PQP Ind. Akt. fuerant
29%
Plusquamperfekt 2. Sg. PQP Ind. Akt. fuerās
29%
Plusquamperfekt 3. Sg. PQP Ind. Akt. fuerat
29%
Plusquamperfekt 2. Pl. PQP Ind. Akt. fuerātis
29%
Futur I 1. Pl. Fut. Ind. Akt. erimus
28%
Futur I 3. Sg. Fut. Ind. Akt. erit
28%
Futur I 2. Pl. Fut. Ind. Akt. eritis
28%
Imperfekt 2. Sg. Impf. Konj. Akt. essēs
28%
Imperfekt 2. Pl. Impf. Konj. Akt. essētis
28%
Futur I 1. Sg. Fut. Ind. Akt. erō
27%
Imperfekt 1. Sg. Impf. Konj. Akt. essem
27%
Imperfekt 1. Pl. Impf. Konj. Akt. essēmus
27%
Präsens 1. Sg. Präs. Konj. Akt. sim
27%
Präsens 2. Sg. Präs. Konj. Akt. sīs
27%
Präsens 1. Pl. Präs. Konj. Akt. sīmus
25%
Präsens 3. Pl. Präs. Konj. Akt. sint
25%
Präsens 3. Sg. Präs. Konj. Akt. sit
25%
Präsens 2. Pl. Präs. Konj. Akt. sītis
25%
Infinitive Inf. Perf. Akt. fuisse
24%
Futur II 3. Sg. Fut. II Akt. fuerit
21%
Perfekt 1. Sg. Perf. Konj. Akt. fuerim
21%
Perfekt 1. Pl. Perf. Konj. Akt. fuerimus
21%
Futur II 1. Pl. Fut. II Akt. fuerimus
21%
Perfekt 3. Pl. Perf. Konj. Akt. fuerint
21%
Futur II 3. Pl. Fut. II Akt. fuerint
21%
Perfekt 2. Sg. Perf. Konj. Akt. fueris
21%
Futur II 2. Sg. Fut. II Akt. fueris
21%
Perfekt 3. Sg. Perf. Konj. Akt. fuerit
21%
Perfekt 2. Pl. Perf. Konj. Akt. fueritis
21%
Futur II 2. Pl. Fut. II Akt. fueritis
21%
Futur II 1. Sg. Fut. II Akt. fuerō
21%
Partizipien Partizip Futur Aktiv futūrus, -a, -um
20%
Plusquamperfekt 1. Sg. PQP Konj. Akt. fuissem
19%
Plusquamperfekt 2. Sg. PQP Konj. Akt. fuissēs
19%
Plusquamperfekt 3. Sg. PQP Konj. Akt. fuisset
19%
Plusquamperfekt 1. Pl. PQP Konj. Akt. fuissēmus
16%
Plusquamperfekt 3. Pl. PQP Konj. Akt. fuissent
16%
Plusquamperfekt 2. Pl. PQP Konj. Akt. fuissētis
16%
Infinitive Inf. Fut. Akt. futūrum, -am, -um esse
13%
Keine übereinstimmenden Quizze gefunden
Verteilung der Resultate
Anzahl Personen mit jedem Resultat
Perzentil nach korrekt beantworteten Fragen
Ihre Resultats-Entwicklung
Sie haben dieses Quiz noch nicht gespielt